Statistieken voor Boudewijn de Groot - Testament

Klik hier om de quiz te nemen!

Algemene statistieken

  • Deze quiz is 21 keer genomen
  • De gemiddelde score is 253 van 394

Antwoordstatistieken

Antwoord% Correct
ben
100%
Ik
100%
ik
100%
Ze
100%
ze
100%
zo
100%
al
88%
dat
88%
Dat
88%
de
88%
een
88%
En
88%
en
88%
er
88%
goed
88%
heb
88%
heeft
88%
heeft,
88%
het
88%
hij
88%
in
88%
is
88%
je
88%
laat
88%
mij
88%
mijn
88%
Mijn
88%
te
88%
testament
88%
waar
88%
wat
88%
Wie
88%
wie
88%
zijn
88%
zijn.
88%
Aan
75%
aan
75%
alle
75%
broertje
75%
dan
75%
geen
75%
hebben
75%
houd
75%
jaren
75%
jij
75%
kan
75%
krijgen
75%
krijgen.
75%
leven
75%
maak
75%
maar
75%
Maar
75%
mee
75%
met
75%
Na
75%
na
75%
Niet
75%
niet
75%
nog
75%
om
75%
ook
75%
op
75%
van
75%
veel
75%
Voor
75%
voor
75%
wel:
75%
wel
75%
wil
75%
wil,
75%
ach
63%
altijd
63%
die
63%
fijn.
63%
gaan
63%
hoewel
63%
iets
63%
jeugd.
63%
kind
63%
kunnen
63%
mag.
63%
mag
63%
nooit
63%
omdat
63%
ouders
63%
toch
63%
tweeëntwintig
63%
verder
63%
Verder
63%
vrienden
63%
waarom
63%
worden
63%
zal
63%
zeggen:
63%
adres
50%
dit
50%
gehad.
50%
geld
50%
geven,
50%
goede
50%
graag
50%
halen,
50%
jonge
50%
jouw
50%
klein.
50%
komen
50%
krijgt
50%
kroeg,
50%
kunt
50%
meer
50%
mens
50%
nu
50%
of
50%
paar
50%
studeren
50%
terug
50%
tijd.
50%
uit
50%
verliefd
50%
vinden
50%
vroeg.
50%
vrouw
50%
weg
50%
album
38%
beginnen,
38%
belazerd
38%
dingen
38%
donder
38%
drank
38%
dronk
38%
Dus
38%
dus
38%
eer
38%
gaarne
38%
gedeugd.
38%
gejat.
38%
gelijk
38%
geluk
38%
genoeg
38%
getuigen
38%
gun
38%
idealen,
38%
iemand
38%
imponeren
38%
jeugdherinneringen,
38%
jongen
38%
jongen,
38%
klappen
38%
kreeg
38%
leeft.
38%
leraar
38%
mensen
38%
misschien
38%
mode
38%
mooie
38%
neefje
38%
neem
38%
opgevoed
38%
pad,
38%
plaatjes
38%
slimme
38%
snit,
38%
stuk
38%
verkeerde
38%
vermogen
38%
vriendinnen
38%
vriendinnetje,
38%
wordt.
38%
zeer
38%
alleen
25%
anders
25%
bedrogen,
25%
berouw
25%
blijde
25%
deugd.
25%
diep.
25%
diep
25%
dreigen:
25%
dwaze
25%
dwingen
25%
geleerd
25%
gestort.
25%
groot
25%
harder
25%
helaas
25%
hoeft
25%
keer
25%
komt
25%
lach
25%
liep.
25%
loon
25%
nachten
25%
niets,
25%
niets
25%
ontrouw
25%
placht
25%
praatjes
25%
proberen
25%
spijt.
25%
tenslotte
25%
tevreden
25%
tonen
25%
tranen
25%
vals
25%
verstandig
25%
vooral
25%
waarmee
25%
wachten
25%
Zelf
25%
zolang
25%
behoorde
13%
daarna
13%
eens
13%
enkele
13%
geduldig
13%
groep
13%
immer
13%
kinderlijk,
13%
meisjeslach.
13%
onthoud
13%
onvervulde
13%
opvoeden
13%
plezier
13%
tot
13%
verdienden,
13%
wensen
13%
zonder
13%
zouteloze
13%

Scoreverdeling

Percentiel versus Aantal Correcte Antwoorden

Procent van Mensen met Elke Score

Uw Scoregeschiedenis

U heeft deze quiz nog niet genomen